|
|
|
|
| LEADER |
01146nam a2200301 a 4500 |
| 001 |
1013 |
| 003 |
BD-DhAAL |
| 005 |
20220104154139.0 |
| 008 |
150523s1997 ii a b 001 0 eng |
| 999 |
|
|
|c 34491
|d 34491
|
| 010 |
|
|
|a 97018645
|
| 020 |
|
|
|a 0803993781 (c : alk. paper)
|
| 020 |
|
|
|a 080399379X (p : alk. paper)
|
| 040 |
|
|
|a DLC
|c DLC
|d DLC
|d BD-DhAAL
|
| 050 |
0 |
0 |
|a HD9672.I52
|b C48 1997
|
| 082 |
0 |
0 |
|a 615.1/068/8
|2 21
|
| 100 |
1 |
|
|a Choudary, Pavan,
|d 1965-
|9 11317
|
| 245 |
1 |
4 |
|a The Rx factor :
|b strategic creativity in pharmaceutical marketing /
|c Pavan Choudary.
|
| 260 |
|
|
|a New Delhi ;
|a Thousand Oaks, Calif. :
|b Response Books,
|c 1997.
|
| 300 |
|
|
|a 150 p. :
|b ill. ;
|c 23 cm.
|
| 504 |
|
|
|a Includes bibliographical references (p. 141-142) and indexes.
|
| 541 |
|
|
|e 1013
|
| 650 |
|
0 |
|a Pharmaceutical industry
|z India.
|9 11318
|
| 650 |
|
0 |
|a Drugs
|z India
|x Marketing.
|9 11319
|
| 650 |
|
0 |
|a Pharmaceutical policy
|z India.
|9 11320
|
| 650 |
|
0 |
|a Pharmacy.
|9 44318
|
| 942 |
|
|
|2 ddc
|c BK
|
| 952 |
|
|
|0 0
|1 0
|2 ddc
|4 0
|6 615_106880000000000_CHO
|7 0
|9 53836
|a SCL
|b SCL
|c GEN
|d 2015-05-23
|l 1
|m 1
|o 615.10688 CHO
|p 3020001013
|r 2020-03-10
|s 2020-01-19
|t 1
|w 2015-05-23
|y BK
|